000 00727nam a2200265Ia 4500
005 20260302114234.0
008 008 260114s9999 xx 000 0 eng d
020 _a9798881809805
037 _aTextbook
040 _aCRL
040 _beng
040 _cCRL
041 _2eng
041 _aeng
084 _qCRL
100 _aJean Godefroy Bidima & Laura Hengehold
_91118173
245 0 _aAfrican Philosophy for the Twenty-First Century Acts of Transition
260 _bBloomsbury
260 _bRowman & Littlefield
260 _c2021
650 _aPhilosophy
856 _uhttps://doi.org/10.5040/9798881809805?locatt=label:secondary_bloomsburyCollections
942 _cEBOOK
999 _c1681834
_d1681834